000 00427nam a2200133Ia 4500
008 240719s9999 xx 000 0 und d
041 _aeng
082 _a338.064 KAP
100 _aKapoor Mansi
245 _aGlobal Business Environment Shifting Paradigms In The Fourth Industrial Revolution
260 _aNew Delhi
_bSage Publication
_c2019
300 _a239.; P. 24 Cm
520 _aGifted By : IMT Faculty Prof. Sayan Banerjee
999 _c41250
_d41250